| 000 | 00830nam a2200265 i 4500 | ||
|---|---|---|---|
| 001 | 77568 | ||
| 003 | ES-MaACL | ||
| 005 | 20250703051954.0 | ||
| 007 | t| | ||
| 008 | 041021m19891994sp |||| |dspa d | ||
| 020 | _a84-7600-413-3 | ||
| 080 | _a821.134.2-2"19" | ||
| 100 | 1 |
_aGarcía Lorca, Federico, _d1898-1936 _954853 |
|
| 245 | 1 | 0 |
_aObras / _cF. García Lorca ; edición de Miguel García-Posada. |
| 250 | _a2ª ed. rev. y ampl. | ||
| 260 |
_aMadrid : _bAkal, _c1989-1994. |
||
| 300 |
_a7 v. ; _c17 cm. |
||
| 490 | 1 |
_aAkal bolsillo ; _v19-24 |
|
| 504 | _aBibliografía. | ||
| 505 | 8 | _aContiene: 1-2. Poesía - 3-5. Teatro - 6. Prosa (2 v.) | |
| 700 | 1 |
_aGarcía-Posada, Miguel, _d1944-2012 _955131 |
|
| 830 | 1 | 0 |
_aAkal bolsillo _v19-24 _9178001 |
| 852 |
_aES-MaACL _jL-28322-28 |
||
| 999 |
_c77568 _d77568 |
||